000 00723cam a2200229 4500
001 A428
008 090401t1994 xxu||||| |||| 00| 0 eng d
035 _a(Sirsi) u95432
041 _aeng
110 _aRoyal Institution of Chartered Surveyors
_94900
245 4 _aThe Private Finance Initiative: breaking new ground
260 _bRICS
_c1994
300 _a5p
350 _a3
490 _aRICS Memorandum
_vPPALET/BB(94)38
520 _aA response to to HM Treasury`s brochure `The Private Finance Initiative - breaking new ground`. Copy in R662/6.
650 _aPRIVATE FINANCE INITIATIVE
650 _aRICS RESPONSE
690 _aPROPERTY-PROPERTY FINANCE AND INVESTMENT
942 _n0
948 _c04/03/1997
999 _c98504
_d98504